000 006170000a22001810004500
003 MACL
005 20160525163030.0
008 160525b xxu||||| |||| 00| 0 eng d
040 _aMACL
_cMACL
041 _aHindi
082 _a891.433 CHA
100 _aचटटोपाध्‍याय, संजीव
_948786
245 _aदो कुर्सियॉ
_cसंजीव चटटोपाध्‍याय
260 _bसुरेन्‍दकुमार एण्‍ड सनज
_c2002
_aनई दिल्‍ली
350 _a125
650 _aNovel
_959551
942 _cHIN
_k800/CHA/N
_2ddc
999 _c10748
_d10748